[Event "Lloyds Bank Masters 14th"]
[Site "London"]
[Date "1990.08.22"]
[Round "5"]
[White "Suba, Mihai"]
[Black "Chandler, Murray G"]
[Result "1-0"]
[WhiteElo "2505"]
[BlackElo "2585"]
[PlyCount "77"]
[EventDate "1990.08.18"]
[EventType "swiss"]
[EventRounds "10"]
[EventCountry "ENG"]
[SourceTitle "BritBase"]
[Source "John Saunders"]
[SourceDate "2023.05.21"]
[SourceVersion "1"]
[SourceVersionDate "2023.05.21"]
[SourceQuality "1"]

1. d4 Nf6 2. c4 e6 3. Nc3 Bb4 4. e3 O-O 5. Bd3 d5 6. a3 Bxc3+ 7. bxc3 e5 8. Ne2
e4 9. Bc2 dxc4 10. Ng3 Re8 11. O-O Bg4 12. Qe1 c5 13. Rb1 Qc7 14. a4 Nc6 15.
Rb5 a6 16. Rxc5 b6 17. Rg5 h6 18. Rxg4 Nxg4 19. Qe2 Nf6 20. f3 Ne7 21. fxe4 Nh7
22. e5 Nf8 23. Qf3 Neg6 24. Nf5 Ra7 25. Ba3 Re6 26. Qg4 Nd7 27. Bd6 Qd8 28. h4
Rxd6 29. exd6 Nf6 30. Qg3 b5 31. e4 h5 32. Qg5 Rd7 33. e5 Nd5 34. Qxh5 Nxc3 35.
e6 fxe6 36. Ne7+ Rxe7 37. Bxg6 Ne2+ 38. Qxe2 Qxd6 39. Qh5 1-0

[Event "Lloyds Bank Masters 14th"]
[Site "London"]
[Date "1990.08.22"]
[Round "5"]
[White "Soltis, Andrew E"]
[Black "Barua, Dibyendu"]
[Result "1/2-1/2"]
[WhiteElo "2400"]
[BlackElo "2490"]
[PlyCount "39"]
[EventDate "1990.08.18"]
[EventType "swiss"]
[EventRounds "10"]
[EventCountry "ENG"]
[SourceTitle "BritBase"]
[Source "John Saunders"]
[SourceDate "2023.05.21"]
[SourceVersion "1"]
[SourceVersionDate "2023.05.21"]
[SourceQuality "1"]

1. e4 e5 2. Nc3 Nc6 3. Bc4 Bc5 4. Qg4 Kf8 5. Qg3 Nf6 6. Nge2 d6 7. d3 Nd4 8.
Nxd4 Bxd4 9. Ne2 Bb6 10. Be3 c6 11. Bb3 a5 12. a4 Be6 13. Bxe6 fxe6 14. O-O Kf7
15. f4 Rf8 16. fxe5 dxe5 17. Kh1 Bxe3 18. Qxe3 Kg8 19. h3 Nd7 20. Ng1 {Source:
Andrew Soltis; contributed by Andy Ansel, 28 May 2023} 1/2-1/2

[Event "Lloyds Bank Masters 14th"]
[Site "London"]
[Date "1990.08.23"]
[Round "6"]
[White "Agrawal, Kiran"]
[Black "Yeo, Michael J"]
[Result "0-1"]
[WhiteElo "2070"]
[BlackElo "2230"]
[PlyCount "96"]
[EventDate "1990.08.18"]
[EventType "swiss"]
[EventRounds "10"]
[EventCountry "ENG"]
[SourceTitle "BritBase"]
[Source "John Saunders"]
[SourceDate "2023.05.21"]
[SourceVersion "1"]
[SourceVersionDate "2023.05.21"]
[SourceQuality "1"]

1. d4 d5 2. c4 Nc6 3. Nc3 dxc4 4. Nf3 Nf6 5. e4 Bg4 6. Be3 e6 7. Bxc4 Bb4 8.
Qd3 Qe7 9. a3 Ba5 10. O-O Rd8 11. Bb5 Bxf3 12. gxf3 O-O 13. Bxc6 bxc6 14. Qc2
Nh5 15. Ne2 f5 16. exf5 exf5 17. f4 Qh4 18. Kh1 Nf6 19. Rg1 Ng4 20. Rg2 Rd6 21.
Ng3 g6 22. Rag1 Qe7 23. Qb3+ Kh8 24. Rc1 Re8 25. Nf1 Qe4 26. Kg1 Nf6 27. Rc5
Rd5 28. Rxc6 Rd6 29. Rxd6 cxd6 30. Qf7 Qe7 31. Qc4 Qb7 32. b4 Bb6 33. h3 Nd5
34. Qb3 Rc8 35. Qb2 Rc3 36. Rg3 Qc6 37. Kh2 Qa4 38. Qa2 Qb3 39. Qxb3 Rxb3 40.
Nd2 Rxa3 41. Nc4 Ra4 42. Nxd6 Rxb4 43. Nf7+ Kg8 44. Nh6+ Kf8 45. Bc1 Rxd4 46.
Ba3+ Ke8 47. Bd6 Rd2 48. h4 Bxf2 0-1

[Event "Lloyds Bank Masters 14th"]
[Site "London"]
[Date "1990.08.23"]
[Round "6"]
[White "Anagnostopoulos, Dimitrios"]
[Black "Rogers, Ian"]
[Result "1/2-1/2"]
[WhiteElo "2400"]
[BlackElo "2535"]
[PlyCount "61"]
[EventDate "1990.08.18"]
[EventType "swiss"]
[EventRounds "10"]
[EventCountry "ENG"]
[SourceTitle "BritBase"]
[Source "John Saunders"]
[SourceDate "2023.05.21"]
[SourceVersion "1"]
[SourceVersionDate "2023.05.21"]
[SourceQuality "1"]

1. e4 c5 2. Nf3 g6 3. d4 Bg7 4. dxc5 Qa5+ 5. Bd2 Qxc5 6. Nc3 d6 7. Nd5 Be6 8.
Be3 Qc8 9. Bd4 Kf8 10. Be2 Nc6 11. Bxg7+ Kxg7 12. O-O Nf6 13. Nxf6 Kxf6 14. Nd4
Kg7 15. c3 Qc7 16. Qd2 Qb6 17. Kh1 Nxd4 18. cxd4 Rac8 19. b3 a5 20. Rac1 Rxc1
21. Rxc1 Rc8 22. Rxc8 Bxc8 23. Bc4 Qb4 24. Qxb4 axb4 25. Kg1 e5 26. dxe5 dxe5
27. Kf1 f5 28. exf5 Bxf5 29. Ke2 Kf6 30. Ke3 h6 31. Bd3 1/2-1/2

[Event "Lloyds Bank Masters 14th"]
[Site "London"]
[Date "1990.08.23"]
[Round "6"]
[White "Barua, Dibyendu"]
[Black "Sakhatova, Gulnar->Sachs"]
[Result "1-0"]
[WhiteElo "2490"]
[BlackElo "2315"]
[PlyCount "65"]
[EventDate "1990.08.18"]
[EventType "swiss"]
[EventRounds "10"]
[EventCountry "ENG"]
[SourceTitle "BritBase"]
[Source "John Saunders"]
[SourceDate "2023.05.21"]
[SourceVersion "1"]
[SourceVersionDate "2023.05.21"]
[SourceQuality "1"]

1. e4 c5 2. Nf3 d6 3. Nc3 Nf6 4. Bb5+ Bd7 5. Bxd7+ Nbxd7 6. O-O e6 7. d3 Be7 8.
h3 O-O 9. Bf4 Re8 10. g4 Nf8 11. Bg3 a6 12. Nd2 e5 13. Ne2 h5 14. g5 N6h7 15.
h4 f6 16. g6 Nxg6 17. Nc3 Bf8 18. Qxh5 Ne7 19. Nc4 f5 20. exf5 b5 21. Ne3 d5
22. Ng4 b4 23. Nxe5 Nf6 24. Qf7+ Kh8 25. Ne2 Nxf5 26. Nf4 Nh6 27. Ne6 Rxe6 28.
Qxe6 Kh7 29. Nf7 Nxf7 30. Qxf7 Bd6 31. Rae1 a5 32. Re6 Ra6 33. Rfe1 1-0

[Event "Lloyds Bank Masters 14th"]
[Site "London"]
[Date "1990.08.23"]
[Round "6"]
[White "Brynell, Stellan"]
[Black "Hodgson, Julian M"]
[Result "0-1"]
[WhiteElo "2405"]
[BlackElo "2555"]
[PlyCount "116"]
[EventDate "1990.08.18"]
[EventType "swiss"]
[EventRounds "10"]
[EventCountry "ENG"]
[SourceTitle "BritBase"]
[Source "John Saunders"]
[SourceDate "2023.05.21"]
[SourceVersion "1"]
[SourceVersionDate "2023.05.21"]
[SourceQuality "1"]

1. e4 e6 2. d4 d5 3. Nd2 dxe4 4. Nxe4 Be7 5. Nf3 Nf6 6. Nxf6+ Bxf6 7. Bd3 Nd7
8. O-O O-O 9. c3 c5 10. Be3 cxd4 11. Nxd4 g6 12. Qe2 Bg7 13. Rad1 a6 14. Rd2
Qc7 15. Rfd1 Nf6 16. Bc2 b6 17. Bg5 Bb7 18. Nf3 Rad8 19. Rxd8 Rxd8 20. Rxd8+
Qxd8 21. Bd3 b5 22. h3 h6 23. Bc1 Nd7 24. Be3 Bxf3 25. gxf3 Nb6 26. c4 bxc4 27.
Bxc4 Nxc4 28. Qxc4 Qa8 29. b4 Qxf3 30. Qxa6 Qxh3 31. Qa8+ Kh7 32. Qe4 Qh5 33.
Kg2 Qb5 34. a3 Bb2 35. Qf4 Qb7+ 36. Qf3 Qxf3+ 37. Kxf3 Bxa3 38. b5 f5 39. Bf4
Bc5 40. Bc7 g5 41. b6 Bxb6 42. Bxb6 Kg6 43. Bc7 h5 44. Bh2 Kf6 45. Ke3 e5 46.
f3 Ke6 47. Kd3 Kd5 48. Bg3 f4 49. Bf2 g4 50. fxg4 hxg4 51. Bb6 e4+ 52. Ke2 Ke5
53. Kf2 Kf5 54. Bc5 g3+ 55. Kg2 Kg4 56. Bb6 e3 57. Ba5 f3+ 58. Kf1 f2 0-1

[Event "Lloyds Bank Masters 14th"]
[Site "London"]
[Date "1990.08.23"]
[Round "6"]
[White "Cavendish, James"]
[Black "Flear, Glenn C"]
[Result "1-0"]
[WhiteElo "2325"]
[BlackElo "2485"]
[PlyCount "57"]
[EventDate "1990.08.18"]
[EventType "swiss"]
[EventRounds "10"]
[EventCountry "ENG"]
[SourceTitle "BritBase"]
[Source "John Saunders"]
[SourceDate "2023.05.21"]
[SourceVersion "1"]
[SourceVersionDate "2023.05.21"]
[SourceQuality "1"]

1. d4 d5 2. Nf3 Nf6 3. e3 Bf5 4. c4 c6 5. Nc3 e6 6. Bd3 Bb4 7. Bxf5 exf5 8. Qb3
Qe7 9. cxd5 Nxd5 10. O-O Nf6 11. d5 O-O 12. Nd4 g6 13. e4 c5 14. Ndb5 fxe4 15.
Bf4 c4 16. Qxc4 Na6 17. Bg5 Qe5 18. Bxf6 Qxf6 19. Nxe4 Qb6 20. d6 Rac8 21. Qd5
Bc5 22. Nf6+ Kh8 23. a4 Nb4 24. Qd2 Qd8 25. Ne4 Na6 26. Rac1 Bb6 27. Rxc8 Qxc8
28. Nf6 Qe6 29. Qh6 1-0

[Event "Lloyds Bank Masters 14th"]
[Site "London"]
[Date "1990.08.23"]
[Round "6"]
[White "Cullip, Stephen"]
[Black "Gallagher, Joseph G"]
[Result "0-1"]
[WhiteElo "2270"]
[BlackElo "2495"]
[PlyCount "80"]
[EventDate "1990.08.18"]
[EventType "swiss"]
[EventRounds "10"]
[EventCountry "ENG"]
[SourceTitle "BritBase"]
[Source "John Saunders"]
[SourceDate "2023.05.21"]
[SourceVersion "1"]
[SourceVersionDate "2023.05.21"]
[SourceQuality "1"]

1. e4 c5 2. Nf3 d6 3. d4 cxd4 4. Nxd4 Nf6 5. Nc3 a6 6. Bg5 e6 7. f4 Be7 8. Qf3
Qc7 9. O-O-O Nbd7 10. g4 b5 11. Bxf6 Nxf6 12. g5 Nd7 13. f5 Bxg5+ 14. Kb1 Ne5
15. Qh5 Qd8 16. Nxe6 Bxe6 17. fxe6 g6 18. Qh3 O-O 19. exf7+ Kh8 20. Qe6 Nxf7
21. h4 Bxh4 22. Be2 Ra7 23. Nd5 Ne5 24. Nb4 Be7 25. Nd3 Qc8 26. Qd5 Bf6 27. Nf4
Bg7 28. Rdf1 Rf6 29. Qd4 Raf7 30. Qd2 Qf8 31. Nxg6+ Nxg6 32. Rfg1 Kg8 33. Qd5
Nf4 34. Qd2 Nxe2 35. Qxe2 Rf2 36. Qd3 R2f3 37. Qd5 Kh8 38. Qd1 Be5 39. a3 Rf2
40. Ka2 R2f3 0-1

[Event "Lloyds Bank Masters 14th"]
[Site "London"]
[Date "1990.08.23"]
[Round "6"]
[White "Ernst, Thomas"]
[Black "Ofek, Ram"]
[Result "1-0"]
[WhiteElo "2440"]
[BlackElo "2290"]
[PlyCount "111"]
[EventDate "1990.08.18"]
[EventType "swiss"]
[EventRounds "10"]
[EventCountry "ENG"]
[SourceTitle "BritBase"]
[Source "John Saunders"]
[SourceDate "2023.05.21"]
[SourceVersion "1"]
[SourceVersionDate "2023.05.21"]
[SourceQuality "1"]

1. e4 e6 2. d4 d5 3. Nc3 Bb4 4. e5 c5 5. a3 Bxc3+ 6. bxc3 Qc7 7. Nf3 Ne7 8. Bd3
b6 9. a4 h6 10. O-O Ba6 11. Bb5+ Bxb5 12. axb5 a5 13. bxa6 Rxa6 14. Rxa6 Nxa6
15. Qd3 Nb8 16. Nh4 O-O 17. f4 cxd4 18. cxd4 Qc4 19. Qxc4 dxc4 20. f5 Nxf5 21.
Nxf5 exf5 22. Ba3 Rd8 23. Bd6 c3 24. Bc7 Rc8 25. Bxb6 Rc6 26. Rb1 Nd7 27. Ba5
Rc4 28. Rb4 Rxb4 29. Bxb4 Nb6 30. Bxc3 Kf8 31. Bb4+ Ke8 32. Kf2 Kd7 33. Bf8 g6
34. Bxh6 Ke6 35. Ke3 Kd5 36. Kd3 Nc4 37. Bc1 Nb6 38. Bg5 Nc4 39. Bc1 Nb6 40. c3
Nc4 41. Kc2 Na5 42. Bg5 Kc4 43. Bf6 Kd5 44. Kb2 Kc4 45. Ka3 Nc6 46. Ka4 Nb8 47.
Ka5 Nd7 48. Bg7 g5 49. Ka6 f4 50. h3 Kd3 51. Kb7 Ke2 52. Bh6 Kf2 53. Bxg5 Kxg2
54. Bxf4 Kxh3 55. Bh6 Kg4 56. Kc7 1-0

[Event "Lloyds Bank Masters 14th"]
[Site "London"]
[Date "1990.08.23"]
[Round "6"]
[White "Hassabis, Demis"]
[Black "Lodhi, Mahmood"]
[Result "1-0"]
[WhiteElo "2285"]
[BlackElo "2405"]
[PlyCount "107"]
[EventDate "1990.08.18"]
[EventType "swiss"]
[EventRounds "10"]
[EventCountry "ENG"]
[SourceTitle "BritBase"]
[Source "John Saunders"]
[SourceDate "2023.05.21"]
[SourceVersion "1"]
[SourceVersionDate "2023.05.21"]
[SourceQuality "1"]

1. e4 e5 2. Bc4 Bc5 3. Nf3 Nc6 4. O-O d6 5. d3 Bg4 6. c3 Nf6 7. Nbd2 O-O 8. Bb3
Bh5 9. Nc4 d5 10. exd5 Nxd5 11. Bg5 f6 12. Be3 Be7 13. Ba4 Kh8 14. h3 Nb8 15.
g4 Bf7 16. Nh4 c6 17. Bc2 g6 18. Ng2 Nxe3 19. Ncxe3 Nd7 20. d4 Qc7 21. d5 Rad8
22. Qf3 cxd5 23. Nxd5 Bxd5 24. Qxd5 Nb6 25. Qf3 Nc4 26. Rfd1 Rxd1+ 27. Rxd1
Nxb2 28. Rb1 Ba3 29. c4 Nxc4 30. Rxb7 Qc5 31. Qd3 f5 32. Qd7 Qe7 33. Qxe7 Bxe7
34. Rxe7 fxg4 35. hxg4 Nd2 36. Ne3 Nf3+ 37. Kg2 Rf4 38. Bb3 Ne1+ 39. Kf1 Nd3
40. Kg2 Ne1+ 41. Kf1 Nf3 42. Rxa7 Nh2+ 43. Kg2 Nxg4 44. Nxg4 Rxg4+ 45. Kh3 h5
46. Ra4 e4 47. f3 Rf4 48. fxe4 Kg7 49. e5 Rf3+ 50. Kg2 Re3 51. Ra7+ Kh6 52. e6
h4 53. e7 h3+ 54. Kh2 1-0

[Event "Lloyds Bank Masters 14th"]
[Site "London"]
[Date "1990.08.23"]
[Round "6"]
[White "Howell, James C"]
[Black "Smagin, Sergey"]
[Result "1/2-1/2"]
[WhiteElo "2415"]
[BlackElo "2550"]
[PlyCount "57"]
[EventDate "1990.08.18"]
[EventType "swiss"]
[EventRounds "10"]
[EventCountry "ENG"]
[SourceTitle "BritBase"]
[Source "John Saunders"]
[SourceDate "2023.05.21"]
[SourceVersion "1"]
[SourceVersionDate "2023.05.21"]
[SourceQuality "1"]

1. e4 d5 2. exd5 Nf6 3. d4 Nxd5 4. Nf3 Bg4 5. Be2 e6 6. O-O Be7 7. Nbd2 O-O 8.
Ne4 Nd7 9. Ng3 Bd6 10. h3 Bxg3 11. hxg4 Bf4 12. c4 Bxc1 13. Qxc1 Ne7 14. Qe3
Re8 15. Bd3 Nf8 16. Rad1 c6 17. Ne5 Qc7 18. g5 Neg6 19. Bxg6 Nxg6 20. Rd3 Rad8
21. Rfd1 a5 22. Nxg6 hxg6 23. Qe5 Re7 24. Qe4 e5 25. d5 cxd5 26. Rxd5 Rxd5 27.
Rxd5 Re8 28. b3 Qe7 29. Rxa5 1/2-1/2

[Event "Lloyds Bank Masters 14th"]
[Site "London"]
[Date "1990.08.23"]
[Round "6"]
[White "Kaidanov, Gregory S"]
[Black "Martin, Andrew D"]
[Result "1-0"]
[WhiteElo "2500"]
[BlackElo "2415"]
[PlyCount "99"]
[EventDate "1990.08.18"]
[EventType "swiss"]
[EventRounds "10"]
[EventCountry "ENG"]
[SourceTitle "BritBase"]
[Source "John Saunders"]
[SourceDate "2023.05.21"]
[SourceVersion "1"]
[SourceVersionDate "2023.05.21"]
[SourceQuality "1"]

1. d4 Nf6 2. c4 c5 3. d5 Ne4 4. Qc2 Qa5+ 5. Nd2 Nd6 6. e4 g6 7. Ngf3 Bg7 8. Bd3
O-O 9. O-O Na6 10. a3 b5 11. cxb5 Nxb5 12. Nc4 Qd8 13. Bg5 Qe8 14. Rfe1 Nac7
15. a4 Nd4 16. Nxd4 Bxd4 17. Bh6 Na6 18. Qd2 Nb4 19. Bf1 Rb8 20. Rac1 Qd8 21.
d6 e6 22. Na3 a6 23. Nc4 Re8 24. Be3 Nc6 25. Bxd4 Nxd4 26. Rc3 Bb7 27. b4 cxb4
28. Rh3 e5 29. f4 Ne6 30. Nxe5 Bc6 31. Bc4 Rf8 32. f5 Qg5 33. Qf2 Bxa4 34. Nf3
Qf4 35. fxe6 fxe6 36. Qa2 Bc6 37. Qd2 a5 38. Qxf4 Rxf4 39. Ne5 Rc8 40. Rhe3
Rff8 41. Ra1 a4 42. Rb1 b3 43. Nxc6 Rxc6 44. Bb5 a3 45. Bxc6 a2 46. Rexb3
axb1=Q+ 47. Rxb1 dxc6 48. e5 Kg7 49. Rb7+ Kh6 50. Re7 1-0

[Event "Lloyds Bank Masters 14th"]
[Site "London"]
[Date "1990.08.23"]
[Round "6"]
[White "Kalinin, Vladimir"]
[Black "Plaskett, H James"]
[Result "1-0"]
[WhiteElo "2270"]
[BlackElo "2445"]
[PlyCount "73"]
[EventDate "1990.08.18"]
[EventType "swiss"]
[EventRounds "10"]
[EventCountry "ENG"]
[SourceTitle "BritBase"]
[Source "John Saunders"]
[SourceDate "2023.05.21"]
[SourceVersion "1"]
[SourceVersionDate "2023.05.21"]
[SourceQuality "1"]

1. d4 Nf6 2. g3 c5 3. d5 e6 4. c4 exd5 5. cxd5 d6 6. Nc3 g6 7. Bg2 Bg7 8. Nf3
O-O 9. O-O Re8 10. Bf4 a6 11. a4 Qc7 12. Rc1 Nbd7 13. Nd2 Nh5 14. Be3 Ne5 15.
b4 Ng4 16. bxc5 Rxe3 17. cxd6 Qd7 18. fxe3 Nxe3 19. Qb3 Nxg2 20. Nce4 f5 21.
Nf2 Bh6 22. Kxg2 Bxd2 23. Rc2 Bh6 24. Qb6 Bf8 25. Rfc1 Bxd6 26. Rxc8+ Rxc8 27.
Rxc8+ Qxc8 28. Qxd6 Qe8 29. Kf1 Qxa4 30. Qb8+ Kg7 31. Qxb7+ Kh6 32. Qc8 Qa1+
33. Kg2 Qe5 34. Qf8+ Qg7 35. Qb8 Nf6 36. Qf4+ g5 37. Qxf5 {time} 1-0

[Event "Lloyds Bank Masters 14th"]
[Site "London"]
[Date "1990.08.23"]
[Round "6"]
[White "McNab, Colin Anderson"]
[Black "Hebden, Mark"]
[Result "1-0"]
[WhiteElo "2385"]
[BlackElo "2520"]
[PlyCount "79"]
[EventDate "1990.08.18"]
[EventType "swiss"]
[EventRounds "10"]
[EventCountry "ENG"]
[SourceTitle "BritBase"]
[Source "John Saunders"]
[SourceDate "2023.05.21"]
[SourceVersion "1"]
[SourceVersionDate "2023.05.21"]
[SourceQuality "1"]

1. Nf3 Nf6 2. g3 g6 3. c4 Bg7 4. Bg2 O-O 5. O-O d6 6. Nc3 Nc6 7. d3 e5 8. Rb1
Nd4 9. Nxd4 exd4 10. Nb5 Ne8 11. b4 a5 12. bxa5 c6 13. Na3 Rxa5 14. Nc2 Nc7 15.
Ba3 Re8 16. Qd2 Ra4 17. Rb3 d5 18. Nb4 dxc4 19. dxc4 Ne6 20. Rd1 Bd7 21. Nd3
Qa8 22. Qb2 b6 23. Rd2 Qa5 24. Bd6 Rxc4 25. Rxb6 h5 26. Rb7 Bc8 27. Rb8 Nf8 28.
Rc2 Rc3 29. Bb4 Qf5 30. Bxc6 Rxd3 31. exd3 Qxd3 32. Qc1 Bh6 33. Bxe8 Bxc1 34.
Rxc1 Be6 35. Bc6 Bxa2 36. Rxf8+ Kg7 37. Rd8 Kh7 38. h4 Be6 39. Be7 Qf5 40. Rxd4
1-0

[Event "Lloyds Bank Masters 14th"]
[Site "London"]
[Date "1990.08.23"]
[Round "6"]
[White "Morris, Philip"]
[Black "Arkell, Keith C"]
[Result "0-1"]
[WhiteElo "2380"]
[BlackElo "2430"]
[PlyCount "82"]
[EventDate "1990.08.18"]
[EventType "swiss"]
[EventRounds "10"]
[EventCountry "ENG"]
[SourceTitle "BritBase"]
[Source "John Saunders"]
[SourceDate "2023.05.21"]
[SourceVersion "1"]
[SourceVersionDate "2023.05.21"]
[SourceQuality "1"]

1. e4 c6 2. d4 d5 3. Nd2 dxe4 4. Nxe4 Nd7 5. Bc4 Ngf6 6. Ng5 e6 7. Qe2 Nb6 8.
Bd3 h6 9. N5f3 c5 10. dxc5 Nbd7 11. Ne5 Nxe5 12. Qxe5 Nd7 13. Qe2 Nxc5 14. Bb5+
Bd7 15. Bxd7+ Qxd7 16. Nf3 Bd6 17. O-O O-O 18. Be3 Qc7 19. Bd4 Rfe8 20. Be5
Bxe5 21. Nxe5 b5 22. c4 bxc4 23. Nxc4 Nd7 24. b4 Rec8 25. Ne3 Rab8 26. b5 Qa5
27. a4 Rc7 28. Rfd1 Rbc8 29. g3 Nf6 30. Qd2 Rc3 31. Qd4 Qc7 32. Rab1 Qb7 33. a5
R3c5 34. a6 Qf3 35. b6 axb6 36. Rxb6 Ne4 37. Qb2 Rc2 38. Nxc2 Qxf2+ 39. Kh1
Qf3+ 40. Kg1 Qxd1+ 41. Kg2 Rxc2+ 0-1

[Event "Lloyds Bank Masters 14th"]
[Site "London"]
[Date "1990.08.23"]
[Round "6"]
[White "Nielsen, Peter Heine"]
[Black "Summerscale, Aaron"]
[Result "0-1"]
[WhiteElo "2330"]
[BlackElo "2315"]
[PlyCount "72"]
[EventDate "1990.08.18"]
[EventType "swiss"]
[EventRounds "10"]
[EventCountry "ENG"]
[SourceTitle "BritBase"]
[Source "John Saunders"]
[SourceDate "2023.05.21"]
[SourceVersion "1"]
[SourceVersionDate "2023.05.21"]
[SourceQuality "1"]

1. e4 g6 2. d4 Bg7 3. c4 d6 4. Nf3 e5 5. Be2 Nc6 6. Be3 Nf6 7. d5 Ne7 8. Nfd2
O-O 9. O-O Ne8 10. Nc3 f5 11. f3 f4 12. Bf2 g5 13. c5 Rf7 14. Nc4 Bf8 15. cxd6
cxd6 16. Nb5 b6 17. a4 Ng6 18. a5 Bd7 19. Qb3 a6 20. Bxb6 Qb8 21. Nc3 Nf6 22.
Qd1 h5 23. Kh1 g4 24. Bg1 Rg7 25. Nb6 Ra7 26. Nxd7 Raxd7 27. Na4 Nh4 28. Nb6
Ra7 29. Rc1 Qe8 30. Bf2 Nxg2 31. Nc4 Rab7 32. fxg4 hxg4 33. Kxg2 f3+ 34. Kh1
Qh5 35. Bg3 Nxe4 36. Rg1 Qxh2+ 0-1

[Event "Lloyds Bank Masters 14th"]
[Site "London"]
[Date "1990.08.23"]
[Round "6"]
[White "Rashkovsky, Nukhim N"]
[Black "Sturua, Zurab"]
[Result "0-1"]
[WhiteElo "2530"]
[BlackElo "2470"]
[PlyCount "81"]
[EventDate "1990.08.18"]
[EventType "swiss"]
[EventRounds "10"]
[EventCountry "ENG"]
[SourceTitle "BritBase"]
[Source "John Saunders"]
[SourceDate "2023.05.21"]
[SourceVersion "1"]
[SourceVersionDate "2023.05.21"]
[SourceQuality "1"]

1. Nf3 Nf6 2. d4 e6 3. g3 d5 4. c4 Bb4+ 5. Bd2 Be7 6. Bg2 O-O 7. O-O c6 8. b3
b6 9. Bc3 Nbd7 10. Nbd2 Bb7 11. Ne5 c5 12. e3 Rc8 13. f4 cxd4 14. exd4 Rc7 15.
Qe2 Qa8 16. Rae1 dxc4 17. Bxb7 Qxb7 18. bxc4 b5 19. Rb1 a6 20. Ndf3 Qa8 21. Ba5
Ra7 22. c5 Rc8 23. Nxf7 Kxf7 24. Ng5+ Ke8 25. Qxe6 Qd5 26. Rfe1 Qxe6 27. Nxe6
g6 28. Rbc1 Nd5 29. g4 Rc6 30. Nd8 Rc8 31. Ne6 Kf7 32. c6 N7b6 33. Bxb6 Nxb6
34. g5 Bb4 35. Re4 Re7 36. c7 Rxe6 37. Rxe6 Kxe6 38. Rc6+ Bd6 39. Rxb6 Rxc7 40.
Rxa6 Rf7 41. Rb6 0-1

[Event "Lloyds Bank Masters 14th"]
[Site "London"]
[Date "1990.08.23"]
[Round "6"]
[White "Sher, Miron N"]
[Black "Ravikumar, Vaidyanathan"]
[Result "1/2-1/2"]
[WhiteElo "2485"]
[BlackElo "2355"]
[PlyCount "73"]
[EventDate "1990.08.18"]
[EventType "swiss"]
[EventRounds "10"]
[EventCountry "ENG"]
[SourceTitle "BritBase"]
[Source "John Saunders"]
[SourceDate "2023.05.21"]
[SourceVersion "1"]
[SourceVersionDate "2023.05.21"]
[SourceQuality "1"]

1. c4 e5 2. g3 Nc6 3. Bg2 d6 4. Nc3 g6 5. Rb1 Bg7 6. b4 f5 7. d3 h6 8. b5 Nce7
9. Nd5 Nf6 10. Nxf6+ Bxf6 11. e4 Bg7 12. Ne2 O-O 13. O-O a6 14. a4 axb5 15.
axb5 Kh7 16. exf5 Nxf5 17. Rb3 Rb8 18. Bb2 Be6 19. Qa1 Ra8 20. Ra3 Rxa3 21.
Bxa3 b6 22. Bb2 Rf7 23. Nc3 Nd4 24. Qd1 Qf8 25. Ne4 Nf3+ 26. Kh1 g5 27. h3 g4
28. Nd2 Ng5 29. Be4+ Nxe4 30. Nxe4 gxh3 31. Kh2 Rf3 32. Qe2 Kg8 33. Nd2 Rf7 34.
d4 Qa8 35. d5 Bf5 36. Ra1 Qf8 37. f3 1/2-1/2

[Event "Lloyds Bank Masters 14th"]
[Site "London"]
[Date "1990.08.23"]
[Round "6"]
[White "Timoshchenko, Gennadi A"]
[Black "Maric, Alisa"]
[Result "1-0"]
[WhiteElo "2495"]
[BlackElo "2305"]
[PlyCount "129"]
[EventDate "1990.08.18"]
[EventType "swiss"]
[EventRounds "10"]
[EventCountry "ENG"]
[SourceTitle "BritBase"]
[Source "John Saunders"]
[SourceDate "2023.05.21"]
[SourceVersion "1"]
[SourceVersionDate "2023.05.21"]
[SourceQuality "1"]

1. d4 Nf6 2. c4 e6 3. Nf3 d5 4. Nc3 Be7 5. Bg5 h6 6. Bh4 O-O 7. e3 b6 8. Bd3
Bb7 9. O-O Nbd7 10. Bg3 c5 11. Qe2 Ne4 12. cxd5 exd5 13. Rac1 Rc8 14. Ba6 Nxg3
15. hxg3 Qc7 16. Bxb7 Qxb7 17. Rfd1 Bf6 18. Qd3 Rfd8 19. Qf5 Nf8 20. dxc5 Bxc3
21. Rxc3 bxc5 22. b3 Nh7 23. Rdc1 Qe7 24. Qc2 c4 25. bxc4 Rc5 26. cxd5 Rcxd5
27. Nd4 Qg5 28. Rc8 Nf6 29. Rxd8+ Rxd8 30. Qc7 Ng4 31. Rc5 Qf6 32. Rc2 Qg5 33.
Rc5 Qf6 34. Qf4 Qb6 35. Rc1 Qb2 36. Rf1 Nf6 37. Qc7 Rd7 38. Qc8+ Kh7 39. Qc4 g6
40. Rc1 Ng4 41. Qc2 Rb7 42. Nb3 Qf6 43. Qe2 Qg5 44. Qf3 Rd7 45. Nc5 Rc7 46. Qf4
Qe7 47. Qxg4 Rxc5 48. Rd1 Qf6 49. Qe4 Qb2 50. a4 Qa2 51. g4 Rc4 52. Qe7 Rxa4
53. Rd7 Kg7 54. Qe5+ Kh7 55. Qe8 Kg7 56. Qe5+ Kh7 57. Qe8 Kg7 58. Rd8 Kf6 59.
Rd6+ Kg7 60. Rd8 Kf6 61. Qh8+ Kg5 62. f4+ Kxg4 63. Qxh6 Qa1+ 64. Kh2 Kf5 65.
Re8 1-0

[Event "Lloyds Bank Masters 14th"]
[Site "London"]
[Date "1990.08.23"]
[Round "6"]
[White "Chandler, Murray G"]
[Black "Levitt, Jonathan"]
[Result "0-1"]
[WhiteElo "2585"]
[BlackElo "2465"]
[PlyCount "64"]
[EventDate "1990.08.18"]
[EventType "swiss"]
[EventRounds "10"]
[EventCountry "ENG"]
[SourceTitle "BritBase"]
[Source "John Saunders"]
[SourceDate "2023.05.21"]
[SourceVersion "1"]
[SourceVersionDate "2023.05.21"]
[SourceQuality "1"]

1. e4 e6 2. d4 d5 3. Nc3 Bb4 4. e5 c5 5. a3 Bxc3+ 6. bxc3 Ne7 7. Nf3 Bd7 8. a4
Qa5 9. Bd2 Nbc6 10. Bb5 f6 11. O-O fxe5 12. dxe5 Qc7 13. Ng5 Qxe5 14. Re1 Qf6
15. Qh5+ g6 16. Qe2 e5 17. c4 O-O 18. cxd5 Nd4 19. Qxe5 Qxe5 20. Rxe5 Bxb5 21.
Rxe7 Rae8 22. d6 Bc6 23. Rae1 Rxe7 24. Rxe7 Rd8 25. f3 Rxd6 26. Bf4 Rd7 27. Re1
Nxc2 28. Re8+ Kg7 29. Rc8 Re7 30. Bd6 Re1+ 31. Kf2 h6 32. Rc7+ Kf6 0-1

[Event "Lloyds Bank Masters 14th"]
[Site "London"]
[Date "1990.08.24"]
[Round "7"]
[White "Anagnostopoulos, Dimitrios"]
[Black "Timoshchenko, Gennadi A"]
[Result "0-1"]
[WhiteElo "2400"]
[BlackElo "2495"]
[PlyCount "74"]
[EventDate "1990.08.18"]
[EventType "swiss"]
[EventRounds "10"]
[EventCountry "ENG"]
[SourceTitle "BritBase"]
[Source "John Saunders"]
[SourceDate "2023.05.21"]
[SourceVersion "1"]
[SourceVersionDate "2023.05.21"]
[SourceQuality "1"]

1. e4 c5 2. Nf3 d6 3. d4 cxd4 4. Nxd4 Nf6 5. Nc3 a6 6. Be3 e5 7. Nb3 Be6 8. Qd2
Nbd7 9. f3 b5 10. a4 b4 11. Nd5 Bxd5 12. exd5 Nb6 13. Bxb6 Qxb6 14. a5 Qb7 15.
Bc4 Be7 16. O-O O-O 17. Ra4 Rfb8 18. Kh1 Nd7 19. f4 Bf6 20. Bd3 e4 21. Bxe4
Bxb2 22. Bf3 Qb5 23. Raa1 Bxa1 24. Rxa1 Re8 25. Nd4 Qc5 26. Nc6 Re3 27. Nxb4
Rae8 28. h3 Qc4 29. Nd3 Qd4 30. Rb1 Nc5 31. Rb4 Re1+ 32. Kh2 Qg1+ 33. Kg3 Ne4+
34. Bxe4 R1xe4 35. Rxe4 Rxe4 36. Nf2 Re1 37. Kf3 f5 0-1